| 000 | 01112nam a22003257a 4500 | ||
|---|---|---|---|
| 001 | BR6008319 | ||
| 003 | BR-BrBNA | ||
| 005 | 20230928083310.0 | ||
| 007 | ta | ||
| 008 | 230509b bl.||||| |||| 00| 0 por d | ||
| 040 |
_aBR-BrBNA _bpor _cBiblioteca Nacional de Agricultura |
||
| 041 | _a(Por) | ||
| 072 |
_aF25; F27 _b0180 _b3820 |
||
| 090 | _ 0180 BR6008319 | ||
| 100 | 1 | _aStone, L.F. | |
| 110 | 1 |
_aUniversidade Federal da Paraiba, Campina Grande (Brasil). Centro de Ciencias e Tecnologia. Depto. de Engenharia Civil _0Tese (Mestrado em Ciencias) _910754 |
|
| 245 | 1 | _aEfeitos de diferentes conteudos de agua do solo e doses de nitrogenio sobre o comportamento do trigo (Triticum aestivum L.) | |
| 260 | 3 |
_aCampina Grande, PB (Brasil): _c1976. |
|
| 300 | _a81 p. | ||
| 500 | _a8 illus.; 15 tables; 44 ref.; Summaries (Eng, Por) | ||
| 650 | _aFertilidade do solo | ||
| 650 | _aCultivo do solo | ||
| 650 | _aTrigo | ||
| 650 | _aFertilizante nitrogenado | ||
| 650 | _aAgua do solo | ||
| 650 | _aCultura irrigada | ||
| 650 | _aRendimento | ||
| 909 |
_a202309 _bLucia _c55 _dLucia Elande |
||
| 942 | _cBK | ||
| 999 |
_c12663 _d12663 |
||